000 00295nam a22001337a 4500
008 170224b xxu||||| |||| 00| 0 eng d
020 _a2801576260168
041 _aeng
080 _a617
100 _a5
101 _aSHK
245 _aWHEN TO REFER TO A SURGEON
_cGALANDIUK, S
942 _2udc
_cBK
999 _c6231
_d6231